000 00494nam a2200181Ia 4500
005 20250508162527.0
008 008 250505s9999 xx 000 0 hin d
037 _aTextual
040 _aFEDL
_beng
_cFEDL
041 _ahin
_2eng
084 _a891.432, DAV
_qFEDL
100 _aDavde Madhav Sakhar
_9773359
245 0 _aPanch tantra
260 _aDelhi, India
_bInderprasath Prakashan
_c1986
300 _a62p.
942 _cTEXL
_h891.432, DAV
999 _c1377108
_d1377108